Największe miasta Afryki - Statystyki

Ogólne statystyki
  • Ten quiz został rozwiązany 151 razy
  • Średni wynik to 5 z 10
Statystyki odpowiedzi
lp. Populacja Miasto % Poprawnych
2 20 439 541 Kair
99%
1 21 000 000 Lagos
70%
3 11 855 000 Kinszasa
66%
9 3 476 632 Nairobi
60%
7 4 546 231 Aleksandria
52%
5 5 172 900 Luanda
47%
10 3 357 173 Casablanca
40%
6 4 707 404 Abidżan
28%
8 4 364 541 Dar es Salaam
28%
4 7 459 003 Ibadan
15%
Nie znaleziono quizów pasujących do podanych kryteriów
Rozkład punktacji
Procent ludzi z każdym wynikiem
Percentyl według liczby udzielonych odpowiedzi
Twoja historia wyników
Nie rozwiązałeś tego quizu